Mathematics of linear and nonlinear systems : (Record no. 7491)
[ view plain ]
| 000 -LEADER | |
|---|---|
| fixed length control field | 01259pam a2200325 a 4500 |
| 001 - CONTROL NUMBER | |
| control field | 7491 |
| 003 - CONTROL NUMBER IDENTIFIER | |
| rucl marc code | BD-RjUL |
| 005 - DATE AND TIME OF LATEST TRANSACTION | |
| control field | 20211208234425.0 |
| 008 - FIXED-LENGTH DATA ELEMENTS--GENERAL INFORMATION | |
| fixed length control field | 140115r19931990enka b 001 0 eng |
| 020 ## - INTERNATIONAL STANDARD BOOK NUMBER | |
| International Standard Book Number | 0198563329 : |
| International Standard Book Number | 0198563639 (pbk) |
| 035 ## - SYSTEM CONTROL NUMBER | |
| System control number | (BD-RjUL)7535 |
| 040 ## - CATALOGING SOURCE | |
| Original cataloging agency | DLC |
| Transcribing agency | DLC |
| Modifying agency | DLC |
| -- | BD-RjUL |
| Language of cataloging | eng |
| 041 ## - LANGUAGE CODE | |
| Language code of text/sound track or separate title | eng |
| 082 00 - DEWEY DECIMAL CLASSIFICATION NUMBER | |
| Classification number | 510.02451 |
| Edition number | 20 |
| Author mark and year | BEM 1993 |
| 100 1# - MAIN ENTRY--PERSONAL NAME | |
| Personal name | Bell, D. J. |
| Fuller form of name | (David John), |
| Dates associated with a name | 1913- |
| 9 (RLIN) | 23387 |
| 245 10 - TITLE STATEMENT | |
| Title | Mathematics of linear and nonlinear systems : |
| Remainder of title | for engineers and applied scientists / |
| Statement of responsibility, etc. | D.J. Bell. |
| 260 ## - PUBLICATION, DISTRIBUTION, ETC. (IMPRINT) | |
| Place of publication, distribution, etc. | Oxford [England] ; |
| -- | New York : |
| Name of publisher, distributor, etc. | Clarendon Press, |
| -- | Oxford University Press, |
| Date of publication, distribution, etc. | c1990 [Reprinted 1993]. |
| 300 ## - PHYSICAL DESCRIPTION | |
| Pagination | xiii, 304 p. : |
| Illustrations | ill. ; |
| Size | 24 cm. |
| 504 ## - BIBLIOGRAPHY, ETC. NOTE | |
| Bibliography, etc | Includes bibliographical references (p. [292]-294) and index. |
| 650 #0 - SUBJECT ADDED ENTRY--TOPICAL TERM | |
| Topical term or geographic name as entry element | Science |
| General subdivision | Mathematics. |
| 9 (RLIN) | 23388 |
| Topical term or geographic name as entry element | Technology |
| General subdivision | Mathematics. |
| 9 (RLIN) | 23389 |
| Topical term or geographic name as entry element | Numerical calculations. |
| 9 (RLIN) | 19279 |
| 856 42 - ELECTRONIC LOCATION AND ACCESS | |
| Materials specified | Publisher description |
| Uniform Resource Identifier | <a href="http://www.loc.gov/catdir/enhancements/fy0635/89037022-d.html">http://www.loc.gov/catdir/enhancements/fy0635/89037022-d.html</a> |
| Materials specified | Table of contents only |
| Uniform Resource Identifier | <a href="http://www.loc.gov/catdir/enhancements/fy0635/89037022-t.html">http://www.loc.gov/catdir/enhancements/fy0635/89037022-t.html</a> |
| 942 ## - ADDED ENTRY ELEMENTS (KOHA) | |
| Source of classification or shelving scheme | Dewey Decimal Classification |
| Koha item type | Books |
| Lost status | Source of classification or shelving scheme | Damaged status | Not for loan | Collection code | Permanent Location | Current Location | Shelving location | Date acquired | Source of acquisition | Cost, normal purchase price | Total Checkouts | Full call number | Date last seen | Copy number | Koha item type |
|---|---|---|---|---|---|---|---|---|---|---|---|---|---|---|---|
| Dewey Decimal Classification | Non-fiction | Central Library, University of Rajshahi | Central Library, University of Rajshahi | 14/08/1994 | Aligarh Library, Rajshahi | 17.50 | 510.02451 BEM 1993 | 15/01/2014 | C-2 | Books |